000 00381nam a2200145Ia 4500
008 211109s9999||||xx |||||||||||||| ||und||
082 _a894.433
_bSWA-M
100 _aNarontham Das Swamy,
245 0 _aMadhupark
260 _bPenguin Books
_aNew York
_c1900
300 _a300p.
630 _xGeneral Stack
650 _aHindi literature
_vHindi fiction
_xGeneralia
942 _cBOOK
999 _c34736
_d34736